<?xml version='1.0' encoding='UTF-8'?>
  <record xmlns="http://www.loc.gov/MARC21/slim">
    <leader>00000cam a2200000 i 4500</leader>
    <controlfield tag="001">on1030789925</controlfield>
    <controlfield tag="003">OCoLC</controlfield>
    <controlfield tag="005">20250416145240.7</controlfield>
    <controlfield tag="008">180407s1737    ne a   f      000 p dut d</controlfield>
    <datafield tag="040" ind1=" " ind2=" ">
      <subfield code="a">NLGGC</subfield>
      <subfield code="b">dut</subfield>
      <subfield code="c">NLGGC</subfield>
      <subfield code="e">rda</subfield>
      <subfield code="e">dcrmb</subfield>
      <subfield code="e">fobidrtb</subfield>
      <subfield code="d">QGJ</subfield>
      <subfield code="d">OCLCA</subfield>
      <subfield code="d">OCL</subfield>
      <subfield code="d">OCLCO</subfield>
      <subfield code="d">QGE</subfield>
      <subfield code="d">OCLCL</subfield>
      <subfield code="d">QGE</subfield>
      <subfield code="d">OCLCA</subfield>
    </datafield>
    <datafield tag="026" ind1=" " ind2=" ">
      <subfield code="e">173704 - a1 2*$g : a2 5*3 eestgebae - b1 A $ : b2 N3 e$Fe</subfield>
      <subfield code="2">stcnf</subfield>
    </datafield>
    <datafield tag="029" ind1="0" ind2=" ">
      <subfield code="a">NLGGC</subfield>
      <subfield code="b">04734976X</subfield>
    </datafield>
    <datafield tag="035" ind1=" " ind2=" ">
      <subfield code="a">(OCoLC)1030789925</subfield>
    </datafield>
    <datafield tag="041" ind1="0" ind2=" ">
      <subfield code="a">dut</subfield>
    </datafield>
    <datafield tag="050" ind1=" " ind2="0">
      <subfield code="a">PT5680</subfield>
      <subfield code="b">.I8 1737</subfield>
    </datafield>
    <datafield tag="100" ind1="1" ind2=" ">
      <subfield code="a">Smits, D.</subfield>
      <subfield code="q">(Dirk),</subfield>
      <subfield code="d">1702-1752</subfield>
      <subfield code="1">https://id.oclc.org/worldcat/entity/E39PBJc3CcYr7kTY49FVJmBVmd</subfield>
    </datafield>
    <datafield tag="245" ind1="1" ind2="0">
      <subfield code="a">Israëls Baälfegorsdienst, of gestrafte wellust; :</subfield>
      <subfield code="b">begrepen in drie boeken, /</subfield>
      <subfield code="c">door Dirk Smits.</subfield>
    </datafield>
    <datafield tag="246" ind1="3" ind2=" ">
      <subfield code="a">Israëls Baälfegorsdienst</subfield>
    </datafield>
    <datafield tag="260" ind1=" " ind2=" ">
      <subfield code="a">Te Rotterdam, :</subfield>
      <subfield code="b">by Philippus Losel,</subfield>
      <subfield code="c">1737.</subfield>
    </datafield>
    <datafield tag="300" ind1=" " ind2=" ">
      <subfield code="a">[40], 100 pagina's :</subfield>
      <subfield code="b">illustraties, gegraveerd titelblad ;</subfield>
      <subfield code="c">in-4.</subfield>
    </datafield>
    <datafield tag="336" ind1=" " ind2=" ">
      <subfield code="a">tekst</subfield>
      <subfield code="b">txt</subfield>
      <subfield code="2">rdacontent/dut</subfield>
    </datafield>
    <datafield tag="337" ind1=" " ind2=" ">
      <subfield code="a">zonder medium</subfield>
      <subfield code="b">n</subfield>
      <subfield code="2">rdamedia/dut</subfield>
    </datafield>
    <datafield tag="338" ind1=" " ind2=" ">
      <subfield code="a">band</subfield>
      <subfield code="b">nc</subfield>
      <subfield code="2">rdacarrier/dut</subfield>
    </datafield>
    <datafield tag="340" ind1=" " ind2=" ">
      <subfield code="a">papier</subfield>
      <subfield code="m">in-4</subfield>
    </datafield>
    <datafield tag="500" ind1=" " ind2=" ">
      <subfield code="a">[*] 4  2*-5* 4  A-N 4 (-N4, blanco?)</subfield>
    </datafield>
    <datafield tag="510" ind1="4" ind2=" ">
      <subfield code="a">Short title catalogue Netherlands,</subfield>
      <subfield code="c">262646455</subfield>
    </datafield>
    <datafield tag="530" ind1=" " ind2=" ">
      <subfield code="a">Titel is geselecteerd voor digitalisering voor de Universiteit van Amsterdam in het kader van het Google Books-project.</subfield>
    </datafield>
    <datafield tag="700" ind1="1" ind2=" ">
      <subfield code="a">Nymegen, D. van</subfield>
      <subfield code="q">Dionys van Nimegen</subfield>
      <subfield code="d">1705-1798</subfield>
      <subfield code="4">ill</subfield>
    </datafield>
    <datafield tag="700" ind1="1" ind2=" ">
      <subfield code="a">Punt, J.</subfield>
      <subfield code="q">Jan Punt</subfield>
      <subfield code="d">1711-1779</subfield>
      <subfield code="4">egr</subfield>
    </datafield>
    <datafield tag="710" ind1="1" ind2=" ">
      <subfield code="a">Losel, Philippus (Rotterdam)</subfield>
      <subfield code="4">prt</subfield>
      <subfield code="0">(NL-LeOCL)077131746</subfield>
    </datafield>
    <datafield tag="752" ind1=" " ind2=" ">
      <subfield code="a">Nederland</subfield>
      <subfield code="b">Zuid-Holland</subfield>
      <subfield code="d">Rotterdam</subfield>
      <subfield code="e">plaats van uitgave</subfield>
      <subfield code="4">pup</subfield>
    </datafield>
    <datafield tag="758" ind1=" " ind2=" ">
      <subfield code="a">Israëls Baälfegorsdienst, of Gestrafte wellust (Text)</subfield>
      <subfield code="1">https://id.oclc.org/worldcat/entity/E39PCFFDBhTFxyGQfTfp99qTXm</subfield>
      <subfield code="4">https://id.oclc.org/worldcat/ontology/hasWork</subfield>
    </datafield>
    <datafield tag="776" ind1="0" ind2=" ">
      <subfield code="t">Israëls Baälfegorsdienst, of gestrafte wellust;</subfield>
      <subfield code="w">(NL-LeOCL)396165338</subfield>
    </datafield>
    <datafield tag="776" ind1="0" ind2=" ">
      <subfield code="t">Israëls Baälfegorsdienst, of gestrafte wellust;</subfield>
      <subfield code="w">(NL-LeOCL)399622292</subfield>
    </datafield>
  </record>